The MetroWest business review

Detalles Bibliográficos
Formato: Electrónico Revista
Lenguaje:inglés
Publicado: [Framingham, MA : Bay State Pub. Corp.]
Materias:
Acceso en línea:Full text available from Research Library: 06/21/1990 to 08/31/1990

MARC

LEADER 00000nas a22000007a 4500
001 ssj0024668
003 WaSeSS
005 20200512172242.0
006 m d
007 cr n
008 860414c198u9999maumr p s 0 a0eng d
010 |a sn 86014262  
022 |l 0887-8528  |y 0887-8528 
032 |a 760090  |b USPS 
035 |a (WaSeSS)ssj0024668 
037 |b Bay State Publishing Corporation, 1 Kendall Street, Suite 300, Framingham, MA 01701 
040 |a NSDP  |b eng  |c NSDP  |d OCoLC  |d WaSeSS 
042 |a nsdp 
210 0 |a MetroWest bus. rev. 
222 4 |a The MetroWest business review 
245 0 4 |a The MetroWest business review  |h [electronic resource]. 
246 3 0 |a Metro west business review 
260 |a [Framingham, MA :  |b Bay State Pub. Corp.] 
310 |a Monthly 
506 |a License restrictions may limit access. 
588 |a Description based on: Vol. 2, issue 2 (Aug. 1985); title from cover. 
588 |a Latest issue consulted: Vol. 2, issue 7 (Feb. 1986). 
655 0 |a Electronic journals. 
856 4 0 |z Full text available from Research Library: 06/21/1990 to 08/31/1990  |u https://search.proquest.com/publication/3385